Statistics for Multiple Capitals on Rivers

Click here to take the quiz!

General Stats

  • This quiz has been taken 1,023 times
    (57 since last reset)
  • The average score is 14 of 16

Answer Stats

RiverCapital City% Correct
DanubeBudapest
98%
DanubeVienna
96%
NileCairo
95%
CongoKinshasa
93%
DanubeBelgrade
89%
SavaBelgrade
89%
CongoBrazzaville
89%
NileKhartoum
89%
DanubeBratislava
87%
SavaZagreb
85%
SavaLjubljana
82%
MekongPhnom Penh
82%
NileJuba
80%
MekongVientiane
78%
NigerNiamey
76%
NigerBamako
64%

Score Distribution

Percentile by Number Answered

Percent of People with Each Score

Your Score History

You have not taken this quiz since the last reset